[Event "SR 2. liga A 2015/2016"]
[Site "?"]
[Date "2015.12.05"]
[Round "5.5"]
[White "Janos, Jozef"]
[Black "Kolcak, Marek"]
[Result "0-1"]
[WhiteElo "2129"]
[BlackElo "2068"]
[PlyCount "82"]
[EventDate "2015.??.??"]

1. e4 e6 2. d3 d5 3. Nd2 Nf6 4. Ngf3 Nc6 5. Be2 Bc5 6. h3 O-O 7. O-O a5 8. c3
dxe4 9. dxe4 e5 10. Bc4 Qe7 11. a4 Be6 12. Qb3 Bxc4 13. Qxc4 Bb6 14. Re1 Rad8
15. Qe2 Rd7 16. Nc4 Bc5 17. Bg5 Rfd8 18. Ne3 Bxe3 19. Qxe3 Rd3 20. Qe2 Qd6 21.
Nd4 Rxd4 22. cxd4 Nxd4 23. Qc4 Qb6 24. Bxf6 gxf6 25. Ra3 Kf8 26. Rc3 c6 27.
Qc5+ Qxc5 28. Rxc5 Nb3 29. Rc3 Nd4 30. Kh2 Ke7 31. Rb1 b5 32. axb5 cxb5 33.
Rc7+ Rd7 34. Rc8 a4 35. Rb8 Rc7 36. g3 Rc2 37. Kg2 Re2 38. h4 Kd6 39. Kf1 Kc5
40. Rc8+ Kb4 41. Rc3 Rxb2 0-1

[Event "SR 2. liga A 2015/2016"]
[Site "?"]
[Date "2015.12.05"]
[Round "5.5"]
[White "Cambel, Vladimir"]
[Black "Mikulas, Dusan"]
[Result "1-0"]
[WhiteElo "2058"]
[BlackElo "2067"]
[PlyCount "89"]
[EventDate "2015.??.??"]

1. Nf3 Nf6 2. c4 d6 3. d4 g6 4. g3 Bg7 5. Bg2 O-O 6. O-O Nc6 7. Nc3 e5 8. h3 h6
9. Be3 a6 10. Qd2 Kh7 11. Rad1 e4 12. Nh2 Re8 13. f3 exf3 14. Rxf3 Qe7 15. Bf2
Bd7 16. Re3 Qf8 17. Rxe8 Rxe8 18. e4 b5 19. cxb5 axb5 20. a3 Nd8 21. Re1 Ne6
22. e5 Ng8 23. Nf3 Nd8 24. Qd3 c6 25. Ne4 Bf5 26. Nh4 Bxe4 27. Bxe4 Re6 28. d5
cxd5 29. Bxd5 Rxe5 30. Rxe5 Bxe5 31. Qxb5 Qg7 32. b4 Bd4 33. a4 Qe5 34. Bxd4
Qxd4+ 35. Kh2 Nf6 36. Bg2 Ne6 37. Nf3 Qf2 38. Qf1 Qb2 39. b5 Nd5 40. Nd2 Kg7
41. Nc4 Qa2 42. Qd3 Nf6 43. Nxd6 Nc5 44. Qd4 Ne6 45. Qc3 1-0

[Event "SR 2. liga A 2015/2016"]
[Site "?"]
[Date "2015.12.05"]
[Round "5.5"]
[White "Sturc, Jan"]
[Black "Sulek, Viliam"]
[Result "1-0"]
[WhiteElo "2047"]
[BlackElo "2087"]
[PlyCount "97"]
[EventDate "2015.??.??"]

1. e4 c5 2. Nf3 Nc6 3. d4 cxd4 4. Nxd4 Nf6 5. Nc3 d6 6. Bc4 e6 7. Be3 Be7 8.
Qe2 Qa5 9. O-O-O O-O 10. f3 a6 11. Qe1 Qc7 12. Bb3 Ne5 13. Kb1 Bd7 14. h4 Rac8
15. h5 Nc4 16. Bc1 b5 17. g4 b4 18. Nce2 e5 19. Nf5 Bxf5 20. exf5 Na5 21. Ba4
b3 22. Nc3 bxa2+ 23. Nxa2 Nd7 24. Nc3 Nb6 25. Nd5 Nxd5 26. Rxd5 Nc4 27. Bb3 Nb6
28. Rd3 d5 29. g5 a5 30. g6 a4 31. Rc3 Nc4 32. h6 Bf6 33. hxg7 Bxg7 34. Qh4 h6
35. f6 fxg6 36. fxg7 Rf7 37. Bxc4 dxc4 38. Bxh6 a3 39. Rxa3 Rb8 40. Be3 Rxg7
41. Ra7 Rb7 42. Rxb7 Qxb7 43. Qd8+ Kf7 44. Bc5 c3 45. b4 Ke6 46. Qd6+ Kf5 47.
Qd3+ Kf6 48. Rg1 Qf7 49. f4 1-0

[Event "SR 2. liga A 2015/2016"]
[Site "?"]
[Date "2015.12.05"]
[Round "5.5"]
[White "Briestenska, Andrea"]
[Black "Novacek, Vladimir"]
[Result "1/2-1/2"]
[WhiteElo "1979"]
[BlackElo "2039"]
[PlyCount "21"]
[EventDate "2015.??.??"]

1. f4 g6 2. Nf3 Bg7 3. e4 d6 4. d4 c5 5. c3 cxd4 6. cxd4 Nf6 7. Nc3 O-O 8. Bc4
a6 9. a4 Nc6 10. e5 Ne8 11. d5 1/2-1/2

[Event "SR 2. liga A 2015/2016"]
[Site "?"]
[Date "2015.12.05"]
[Round "5.5"]
[White "Kuna, Vladimir"]
[Black "Kostolansky, Sebastian Lukas"]
[Result "1/2-1/2"]
[WhiteElo "2021"]
[BlackElo "1852"]
[PlyCount "136"]
[EventDate "2015.??.??"]

1. d4 Nf6 2. Nf3 e6 3. c4 b6 4. g3 Bb7 5. Bg2 c5 6. O-O Be7 7. Nc3 cxd4 8. Nxd4
Bxg2 9. Kxg2 Qc7 10. Qd3 O-O 11. f3 Rc8 12. b3 a6 13. Bb2 Nc6 14. Rfd1 Rd8 15.
Rac1 Rac8 16. e4 Nb4 17. Qd2 Qb7 18. Ba3 Bf8 19. Nce2 Nc6 20. Bb2 Bb4 21. Qc2
Be7 22. Nxc6 dxc6 23. Nf4 c5 24. Rxd8+ Rxd8 25. Rd1 Qc7 26. Rd3 Rxd3 27. Qxd3
Ne8 28. Kf2 Qd8 29. Ke2 Qxd3+ 30. Nxd3 Bf6 31. Be5 Bxe5 32. Nxe5 Nd6 33. Kd2 f6
34. Nd3 Kf7 35. Kc3 Ke7 36. a3 Nb7 37. Nf4 g6 38. Nd3 Kd6 39. h3 e5 40. Nf2 Ke6
41. Kd3 Nd6 42. Nd1 Nc8 43. Nc3 Ne7 44. Nd5 Nxd5 45. cxd5+ Kd6 46. a4 b5 47.
Kc3 f5 48. Kd3 f4 49. g4 g5 50. Kc3 h6 51. Kd3 Kc7 52. Kc3 Kb6 53. Kd3 Ka5 54.
Kc3 Kb6 55. Kd3 Ka7 56. Kc3 Kb7 57. Kd3 Kc8 58. Kc3 Kd8 59. Kd3 Ke7 60. Kc3 Kf6
61. Kd3 Kg6 62. Kc3 Kf7 63. Kd3 Ke7 64. Kc3 Kd6 65. Kd3 Kc7 66. Kc3 Kb6 67. Kd3
Kb7 68. Kc2 Kc7 1/2-1/2

[Event "SR 2. liga A 2015/2016"]
[Site "?"]
[Date "2015.12.05"]
[Round "5.6"]
[White "Rohacek, Miroslav"]
[Black "Sosovicka, Juraj"]
[Result "0-1"]
[WhiteElo "2294"]
[BlackElo "2174"]
[PlyCount "106"]
[EventDate "2015.??.??"]

1. Nf3 d5 2. d4 Nf6 3. c4 dxc4 4. Na3 e5 5. Nxe5 Bb4+ 6. Bd2 Bxa3 7. Qa4+ Nbd7
8. Qxa3 Nxe5 9. dxe5 Ne4 10. Bf4 Bd7 11. Rd1 b5 12. Qe3 g5 13. Qxe4 gxf4 14. g3
c6 15. Qxf4 Qa5+ 16. Qd2 Qxd2+ 17. Kxd2 O-O-O 18. Kc3 Kc7 19. Bg2 Bg4 20. Rxd8
Rxd8 21. Be4 h6 22. f3 Be6 23. g4 Kb6 24. h4 Kc5 25. a3 a5 26. Kc2 Rd4 27. Bh7
b4 28. axb4+ axb4 29. Ra1 c3 30. Bd3 cxb2 31. Ra5+ Kb6 32. Ra8 c5 33. Ra6+ Kb7
34. Rd6 Rxd6 35. exd6 Kc6 36. h5 Kxd6 37. Kxb2 c4 38. Bh7 f6 39. Bg6 Kc5 40. e3
Kd5 41. Be4+ Kc5 42. Bg6 Kd5 43. Be4+ Ke5 44. Bg6 f5 45. g5 hxg5 46. h6 Kf6 47.
Bh5 Bg8 48. f4 g4 49. e4 fxe4 50. Bxg4 Kg6 51. h7 c3+ 52. Kc2 Bxh7 53. Bd1 Bg8
0-1

[Event "SR 2. liga A 2015/2016"]
[Site "?"]
[Date "2015.12.05"]
[Round "5.6"]
[White "Duben, Igor"]
[Black "Karas, Marek"]
[Result "0-1"]
[WhiteElo "2220"]
[BlackElo "2288"]
[PlyCount "99"]
[EventDate "2015.??.??"]

1. d4 Nf6 2. Nf3 e6 3. e3 c5 4. Bd3 Nc6 5. O-O b6 6. Nbd2 Bb7 7. c3 Be7 8. Qe2
d5 9. e4 dxe4 10. Nxe4 cxd4 11. Rd1 Qc7 12. Bg5 Nd5 13. cxd4 Bxg5 14. Nexg5 Nf4
15. Qe3 h6 16. Nxe6 fxe6 17. d5 O-O 18. dxc6 Qxc6 19. Rdc1 Nxg2 20. Rxc6 Nxe3
21. Rxe6 Ng4 22. Be4 Bxe4 23. Rxe4 Rxf3 24. Rxg4 Rc8 25. Rd1 Rc2 26. Rd8+ Rf8
27. Rd7 Rf7 28. Rxf7 Kxf7 29. Rb4 Ke6 30. a4 Kd5 31. b3 Rc3 32. h4 Kc5 33. Rg4
Rxb3 34. Rxg7 a5 35. Rc7+ Kb4 36. Rc6 Kxa4 37. Rxh6 Kb5 38. Kg2 a4 39. Re6 a3
40. Re1 a2 41. Ra1 Ra3 42. h5 Kb4 43. h6 Ra8 44. h7 Kb3 45. Re1 b5 46. f4 Rh8
47. Re3+ Ka4 48. Re7 b4 49. f5 Ka3 50. f6 0-1

[Event "SR 2. liga A 2015/2016"]
[Site "?"]
[Date "2015.12.05"]
[Round "5.6"]
[White "Sahidi, Samir"]
[Black "Sosovicka, Matej"]
[Result "1-0"]
[WhiteElo "2191"]
[BlackElo "2169"]
[PlyCount "75"]
[EventDate "2015.??.??"]

1. e4 e5 2. Nf3 Nc6 3. Bc4 Nf6 4. O-O Nxe4 5. d4 d5 6. Bb5 exd4 7. Qxd4 Be6 8.
Nc3 Be7 9. Nxe4 dxe4 10. Qxe4 O-O 11. Bc4 Bxc4 12. Qxc4 Bd6 13. Be3 Qf6 14. c3
Ne5 15. Nxe5 Qxe5 16. g3 Qf5 17. Rad1 b6 18. Qd5 Qxd5 19. Rxd5 Rfd8 20. Rfd1
Kf8 21. Bf4 Ke7 22. Bxd6+ Rxd6 23. Rxd6 cxd6 24. Re1+ Kd7 25. Kg2 Rc8 26. Kf3
Rc5 27. Re4 Re5 28. h4 Ke6 29. Re3 h5 30. c4 d5 31. Rxe5+ Kxe5 32. cxd5 Kxd5
33. Kf4 g6 34. Kg5 Ke5 35. f3 a6 36. g4 f5 37. gxh5 gxh5 38. Kxh5 1-0

[Event "SR 2. liga A 2015/2016"]
[Site "?"]
[Date "2015.12.05"]
[Round "5.6"]
[White "Oprea, Erik"]
[Black "Kralovic, Andrej"]
[Result "1-0"]
[WhiteElo "2092"]
[BlackElo "2226"]
[PlyCount "103"]
[EventDate "2015.??.??"]

1. e4 e5 2. Nf3 Nc6 3. Bc4 Bc5 4. d3 Nf6 5. Bg5 h6 6. Bh4 d6 7. c3 g5 8. Bg3
Qe7 9. Nbd2 a6 10. Bb3 Be6 11. Ba4 b5 12. Bc2 h5 13. h4 g4 14. Ng5 Nh7 15. Nxh7
Rxh7 16. b4 Bb6 17. a4 Rb8 18. axb5 axb5 19. Nb3 Kf8 20. Na5 Nxa5 21. bxa5 Ba7
22. O-O c5 23. Bb3 Kg7 24. Bxe6 fxe6 25. Kh2 Rh6 26. Qd2 Rhh8 27. f4 gxf3 28.
Rxf3 Rhf8 29. Raf1 Rxf3 30. Rxf3 c4 31. Bf2 Bxf2 32. Qxf2 cxd3 33. Rg3+ Kh7 34.
Rg5 Rf8 35. Qg3 Qf7 36. Qxd3 Kh6 37. Qxd6 Qf2 38. Qxe6+ Rf6 39. Qh3 Qf4+ 40.
Qg3 Qxg3+ 41. Kxg3 Rc6 42. Rxe5 Rxc3+ 43. Kf4 b4 44. Rb5 Ra3 45. Rxb4 Rxa5 46.
Rb6+ Kg7 47. e5 Ra2 48. g3 Rf2+ 49. Kg5 Rf3 50. Rg6+ Kh7 51. Kxh5 Kh8 52. g4
1-0

[Event "SR 2. liga A 2015/2016"]
[Site "?"]
[Date "2015.12.05"]
[Round "5.6"]
[White "Macko, Miroslav"]
[Black "Sosovicka, Jakub"]
[Result "1/2-1/2"]
[WhiteElo "2123"]
[BlackElo "1793"]
[PlyCount "109"]
[EventDate "2015.??.??"]

1. e4 c5 2. Nf3 d6 3. d4 cxd4 4. Qxd4 Nc6 5. Bb5 Bd7 6. Bxc6 Bxc6 7. Nc3 Nf6 8.
Bg5 e6 9. O-O-O Be7 10. Rhe1 O-O 11. Qd2 Rc8 12. Nd4 h6 13. Bh4 Qb6 14. Qd3
Rfd8 15. g4 Rd7 16. Qh3 Qa5 17. Nb3 Qc7 18. f3 Nh7 19. Bxe7 Rxe7 20. Qg2 a6 21.
h4 b5 22. Qd2 Rd7 23. Re3 b4 24. Ne2 a5 25. Nbd4 d5 26. Nxc6 Qxc6 27. e5 Qc4
28. Kb1 a4 29. Nd4 Rb7 30. f4 Nf8 31. h5 Nd7 32. Rg3 Nc5 33. Qe2 Qxe2 34. Nxe2
Ne4 35. Rf3 Rbc7 36. Nd4 a3 37. Rdd3 axb2 38. Kxb2 Nc3 39. f5 Re8 40. fxe6 fxe6
41. Kb3 Rb7 42. Rf1 Ra8 43. Ra1 Ra6 44. Kb2 Rba7 45. Rf3 Ra8 46. a3 Ne4 47. Nb5
bxa3+ 48. Raxa3 Rxa3 49. Nxa3 Rf8 50. Rb3 Rf4 51. Rb6 Kf7 52. Rb7+ Kf8 53. Rb8+
Kf7 54. Rb7+ Kf8 55. Rb8+ 1/2-1/2

[Event "SR 2. liga A 2015/2016"]
[Site "?"]
[Date "2015.12.05"]
[Round "5.6"]
[White "Szollos, Ondrej"]
[Black "Macko, Peter"]
[Result "1/2-1/2"]
[WhiteElo "2054"]
[BlackElo "2136"]
[PlyCount "79"]
[EventDate "2015.??.??"]

1. d3 e5 2. Nf3 Nc6 3. c3 d5 4. Qc2 h6 5. e4 Nf6 6. Be2 Be7 7. Nbd2 a5 8. Nf1
O-O 9. Ng3 Be6 10. O-O Ne8 11. h3 Nd6 12. Nh2 f5 13. exf5 Nxf5 14. Bg4 Qd7 15.
Nxf5 Bxf5 16. Bd2 Rf7 17. Rad1 Raf8 18. Bh5 g6 19. Bg4 Kh7 20. Qc1 h5 21. Bxf5
gxf5 22. Rde1 f4 23. Qd1 f3 24. Re3 e4 25. dxe4 dxe4 26. Rxe4 Rg8 27. g4 Rfg7
28. Be3 Bd6 29. Qxf3 Kh8 30. Bd4 Nxd4 31. Rxd4 Qe6 32. Re4 Qh6 33. Qe3 Qh7 34.
f3 b6 35. b4 axb4 36. cxb4 Rf8 37. a3 Bxh2+ 38. Kxh2 hxg4 39. fxg4 Rxf1 40.
Re8+ 1/2-1/2

[Event "SR 2. liga A 2015/2016"]
[Site "?"]
[Date "2015.12.05"]
[Round "5.6"]
[White "Vrtiakova, Anna"]
[Black "Hurban, Martin"]
[Result "0-1"]
[WhiteElo "1970"]
[BlackElo "1937"]
[PlyCount "88"]
[EventDate "2015.??.??"]

1. e4 e6 2. d4 d5 3. Nc3 Bb4 4. e5 c5 5. a3 Bxc3+ 6. bxc3 Ne7 7. Qg4 Qc7 8.
Qxg7 Rg8 9. Qxh7 cxd4 10. Ne2 dxc3 11. f4 Nbc6 12. Qd3 Nf5 13. Qxc3 Bd7 14. Bd2
O-O-O 15. O-O-O Kb8 16. Kb2 Rc8 17. g3 Qb6+ 18. Qb3 Qc5 19. Bb4 Nxb4 20. axb4
Qf2 21. Qd3 Rc4 22. c3 Rgc8 23. Rc1 Bb5 24. Qd2 d4 25. Rc2 dxc3+ 26. Nxc3 Rxb4+
27. Ka3 Qc5 28. Bxb5 Rxb5+ 29. Ka2 Rb6 30. Rb2 Qa5+ 31. Kb1 Qxc3 32. Qxc3 Rxc3
33. Rxb6 axb6 34. g4 Nh4 35. Rd1 Kc7 36. Rf1 Rc4 37. h3 Ng6 38. f5 Nxe5 39.
fxe6 fxe6 40. g5 Rh4 41. Rf6 Rxh3 42. Rxe6 Nc6 43. g6 Rg3 44. Kb2 b5 0-1

[Event "SR 2. liga A 2015/2016"]
[Site "?"]
[Date "2015.12.05"]
[Round "5.6"]
[White "Kosegi, Marek"]
[Black "Lintner, Igor Ml"]
[Result "0-1"]
[WhiteElo "1909"]
[BlackElo "2103"]
[PlyCount "94"]
[EventDate "2015.??.??"]

1. e4 e6 2. d4 d5 3. e5 c5 4. c3 Qb6 5. Nf3 Bd7 6. Be2 Bb5 7. O-O Bxe2 8. Qxe2
Nc6 9. Be3 Rc8 10. dxc5 Bxc5 11. Na3 Bxe3 12. fxe3 a6 13. Kh1 Qc7 14. e4 dxe4
15. Qxe4 Nge7 16. Nc4 O-O 17. Ng5 Ng6 18. Nd6 Ncxe5 19. Nxc8 Rxc8 20. Rad1 Qe7
21. Nf3 f5 22. Qd4 Nc6 23. Qd7 Rc7 24. Qxe7 Rxe7 25. Rd2 e5 26. Rfd1 e4 27. Nd4
Nxd4 28. Rxd4 Ne5 29. Rd8+ Kf7 30. Rf1 Ke6 31. Re1 Rd7 32. Rxd7 Kxd7 33. h3 Ke6
34. g4 g6 35. Kg2 Nd3 36. Rd1 f4 37. h4 Ke5 38. h5 g5 39. b4 b5 40. a4 Kd5 41.
axb5 axb5 42. Ra1 f3+ 43. Kg3 f2 44. Kg2 e3 45. Kf1 Ke4 46. Ke2 Nf4+ 47. Kf1
Kf3 0-1

[Event "SR 2. liga A 2015/2016"]
[Site "?"]
[Date "2015.12.06"]
[Round "6.1"]
[White "Lanc, Alois"]
[Black "Jozefek, Michal"]
[Result "1-0"]
[WhiteElo "2318"]
[BlackElo "2229"]
[PlyCount "49"]
[EventDate "2015.??.??"]

1. e4 c5 2. Nf3 d6 3. d4 cxd4 4. Nxd4 Nf6 5. Nc3 Nc6 6. Bc4 e6 7. Bb3 a6 8. Be3
Bd7 9. Qe2 Be7 10. O-O-O Qc7 11. g4 Nxd4 12. Rxd4 h5 13. g5 Ng4 14. f4 Nxe3 15.
Qxe3 Qc5 16. Rhd1 Rd8 17. Kb1 O-O 18. Qg3 Bc8 19. g6 Bf6 20. gxf7+ Kxf7 21. Rc4
Qb6 22. f5 Ke7 23. Na4 h4 24. Qd3 Qb5 25. Rxc8 1-0

[Event "SR 2. liga A 2015/2016"]
[Site "?"]
[Date "2015.12.06"]
[Round "6.1"]
[White "Jablonicky, Martin"]
[Black "Kavon, Rastislav"]
[Result "0-1"]
[WhiteElo "2214"]
[BlackElo "2160"]
[PlyCount "26"]
[EventDate "2015.??.??"]

1. Nf3 Nf6 2. g3 g6 3. b4 Bg7 4. Bb2 O-O 5. Bg2 d6 6. O-O e5 7. d3 Nc6 8. b5
Ne7 9. Nbd2 Nd7 10. c4 f5 11. Ne1 c5 12. bxc6 bxc6 13. f4 Qb6+ 0-1

[Event "SR 2. liga A 2015/2016"]
[Site "?"]
[Date "2015.12.06"]
[Round "6.1"]
[White "Sekera, Branislav"]
[Black "Pericka, Tomas"]
[Result "0-1"]
[WhiteElo "2111"]
[BlackElo "1994"]
[PlyCount "32"]
[EventDate "2015.??.??"]

1. Nf3 c5 2. b3 Nc6 3. Bb2 d5 4. e3 Nf6 5. Bb5 Bd7 6. O-O e6 7. h3 Bd6 8. c4 a6
9. Bxc6 Bxc6 10. Ne5 Bxe5 11. Bxe5 dxc4 12. bxc4 Qd3 13. Bxf6 gxf6 14. Qb3 Qg6
15. g3 Qe4 16. f3 Qe5 0-1

[Event "SR 2. liga A 2015/2016"]
[Site "?"]
[Date "2015.12.06"]
[Round "6.1"]
[White "Sobek, Michal"]
[Black "Bango, Lukas"]
[Result "0-1"]
[WhiteElo "1887"]
[BlackElo "2052"]
[PlyCount "58"]
[EventDate "2015.??.??"]

1. e4 c5 2. d3 g6 3. Nf3 Bg7 4. g3 Nc6 5. Bg2 e6 6. O-O Nge7 7. Re1 O-O 8. Nbd2
d5 9. Nf1 Qc7 10. c3 b6 11. Bf4 e5 12. exd5 exf4 13. dxc6 Nxc6 14. gxf4 Bb7 15.
Ng3 Qxf4 16. Qe2 Rad8 17. Rad1 Rd7 18. Qe3 Qc7 19. Ne4 Ne7 20. Qg5 Nd5 21. d4
h6 22. Qg3 Nf4 23. Bf1 Rfd8 24. Bb5 Re7 25. Ne5 Bxe5 26. dxe5 Rxd1 27. Nf6+ Kg7
28. Rxd1 Qxe5 29. Ng4 Qe1+ 0-1

[Event "SR 2. liga A 2015/2016"]
[Site "?"]
[Date "2015.12.06"]
[Round "6.1"]
[White "Jakubec, Milan"]
[Black "Nemeckay, Rastislav"]
[Result "1/2-1/2"]
[WhiteElo "2059"]
[BlackElo "1991"]
[PlyCount "106"]
[EventDate "2015.??.??"]

1. e4 e5 2. Nf3 Nc6 3. Bc4 Be7 4. d4 d6 5. dxe5 dxe5 6. O-O Qxd1 7. Rxd1 Bg4 8.
Bb5 Nf6 9. Bxc6+ bxc6 10. h3 Bh5 11. Re1 Bxf3 12. gxf3 Bc5 13. Nd2 O-O-O 14.
Nc4 Nd7 15. c3 f6 16. b4 Be7 17. Be3 c5 18. b5 Nb8 19. Red1 Rxd1+ 20. Rxd1 Rd8
21. Rxd8+ Kxd8 22. Kf1 Kd7 23. Ke2 c6 24. b6 axb6 25. Nxb6+ Kc7 26. Nc4 Kb7 27.
Kd3 Ka6 28. a4 g5 29. Kc2 Nd7 30. Kb3 Bf8 31. Nb2 Be7 32. Nd1 Ka5 33. Bd2 c4+
34. Kxc4 Kxa4 35. Be3 Ka5 36. Nb2 Nb6+ 37. Kb3 Nd7 38. Na4 Kb5 39. c4+ Ka5 40.
Bd2+ Ka6 41. Bb4 c5 42. Bd2 Kb7 43. Nc3 Nf8 44. Nd5 Bd8 45. Ka4 Ka6 46. Be3 Ne6
47. Kb3 Kb7 48. Kc2 Kc6 49. Kd3 Nf8 50. Ke2 Ng6 51. Bd2 Kd6 52. Kf1 Nh4 53. Ke2
Ng6 1/2-1/2

[Event "SR 2. liga A 2015/2016"]
[Site "?"]
[Date "2015.12.06"]
[Round "6.1"]
[White "Diviak, Rastislav"]
[Black "Mackovic, Matus"]
[Result "1-0"]
[WhiteElo "1942"]
[BlackElo "1970"]
[PlyCount "89"]
[EventDate "2015.??.??"]

1. e4 c6 2. d4 d5 3. Nc3 dxe4 4. Nxe4 Bf5 5. Ng3 Bg6 6. h4 h6 7. Nf3 Nd7 8. h5
Bh7 9. Bd3 Bxd3 10. Qxd3 Qc7 11. Bd2 Ngf6 12. O-O-O e6 13. Ne4 Nxe4 14. Qxe4
Nf6 15. Qe2 Bd6 16. g3 O-O 17. c4 c5 18. Bc3 cxd4 19. Nxd4 a6 20. Nxe6 fxe6 21.
Qxe6+ Kh8 22. Qxd6 Qxd6 23. Rxd6 Ne4 24. Rxh6+ Kg8 25. Rg6 Nxc3 26. bxc3 Rxf2
27. h6 Kh7 28. Rxg7+ Kh8 29. Rd1 Rh2 30. Rxb7 Rxh6 31. Rbd7 Rg6 32. Rd8+ Rxd8
33. Rxd8+ Kg7 34. Rd7+ Kf8 35. Kc2 Rxg3 36. Kb3 Ke8 37. Rd5 Rg2 38. c5 Rg6 39.
Rd6 Rxd6 40. cxd6 Kd7 41. Kb4 Kxd6 42. Ka5 Kc5 43. Kxa6 Kc6 44. a4 Kc7 45. Kb5
1-0

[Event "SR 2. liga A 2015/2016"]
[Site "?"]
[Date "2015.12.06"]
[Round "6.1"]
[White "Kozinka, Roman"]
[Black "Danada, Ondrej"]
[Result "0-1"]
[WhiteElo "1975"]
[BlackElo "1936"]
[PlyCount "90"]
[EventDate "2015.??.??"]

1. c4 e5 2. Nc3 Nc6 3. Nf3 Nf6 4. a3 d5 5. cxd5 Nxd5 6. Qa4 Nb6 7. Qc2 Nd4 8.
Nxd4 exd4 9. Nb5 c5 10. b4 a6 11. bxc5 axb5 12. cxb6 b4 13. Qe4+ Be7 14. Bb2
O-O 15. Qxd4 Qxd4 16. Bxd4 Rxa3 17. Rxa3 bxa3 18. e3 Be6 19. Bb5 Rc8 20. Ke2
Bc5 21. Bxc5 Rxc5 22. Ba4 Ra5 23. Bc2 a2 24. Ra1 Rb5 25. d4 Rxb6 26. e4 Bc4+
27. Kd2 Rf6 28. f3 b5 29. Kc3 Rg6 30. g3 Rh6 31. d5 Kf8 32. Bb3 Bxb3 33. Kxb3
Rxh2 34. Rxa2 Rxa2 35. Kxa2 h5 36. f4 Ke7 37. e5 f6 38. d6+ Kd7 39. Kb3 fxe5
40. fxe5 g5 41. Kb4 h4 42. gxh4 gxh4 43. Kc5 h3 44. Kd5 h2 45. e6+ Ke8 0-1

[Event "SR 2. liga A 2015/2016"]
[Site "?"]
[Date "2015.12.06"]
[Round "6.1"]
[White "Ulehla, Jakub"]
[Black "Lopatievov, Alexander"]
[Result "1-0"]
[WhiteElo "1666"]
[BlackElo "1902"]
[PlyCount "77"]
[EventDate "2015.??.??"]

1. e4 c6 2. d4 d5 3. e5 Bf5 4. Nf3 h6 5. Bd3 Bxd3 6. Qxd3 e6 7. O-O Ne7 8. Nc3
g5 9. Ne1 Nf5 10. f4 g4 11. Ne2 c5 12. dxc5 Bxc5+ 13. Kh1 Nc6 14. Ng3 Nxg3+ 15.
Qxg3 h5 16. f5 exf5 17. Rxf5 Nd4 18. Rf1 Ne6 19. Nd3 Qd7 20. Nxc5 Nxc5 21. Qc3
Ne4 22. e6 Nxc3 23. exd7+ Kxd7 24. bxc3 Ke6 25. Ba3 f5 26. Rae1+ Kf6 27. Be7+
Kg6 28. Re6+ Kf7 29. Rfe1 Rh7 30. Bh4 Rc8 31. Re7+ Kg8 32. Re8+ Rxe8 33. Rxe8+
Kf7 34. Re7+ Kg6 35. Rxh7 Kxh7 36. Kg1 Kg6 37. g3 Kf7 38. Kf2 Ke6 39. Ke3 1-0

[Event "SR 2. liga A 2015/2016"]
[Site "?"]
[Date "2015.12.06"]
[Round "6.2"]
[White "Londin, Martin"]
[Black "Drtina, Milan"]
[Result "0-1"]
[WhiteElo "1931"]
[BlackElo "2183"]
[PlyCount "40"]
[EventDate "2015.??.??"]

1. e4 e5 2. Nf3 Nc6 3. Bc4 Be7 4. c3 Nf6 5. d4 d6 6. O-O O-O 7. Re1 Bg4 8. h3
Bxf3 9. gxf3 Nh5 10. Kh2 Bg5 11. f4 Bxf4+ 12. Bxf4 Nxf4 13. Qg4 Qf6 14. d5 Ne7
15. Nd2 Qh6 16. Nf3 f5 17. exf5 Rxf5 18. Rg1 Nxh3 19. Nh4 Nxg1 20. Rxg1 Rf4 0-1

[Event "SR 2. liga A 2015/2016"]
[Site "?"]
[Date "2015.12.06"]
[Round "6.2"]
[White "Arendas, Marek"]
[Black "Pagac, Robert"]
[Result "1-0"]
[WhiteElo "2133"]
[BlackElo "1833"]
[PlyCount "51"]
[EventDate "2015.??.??"]

1. e4 e5 2. Nf3 Nc6 3. Bc4 Nf6 4. d3 h6 5. Nc3 Bc5 6. Nd5 d6 7. Be3 Bb6 8. Qd2
Bg4 9. h3 Bxf3 10. gxf3 Bxe3 11. fxe3 Nxd5 12. Bxd5 Qh4+ 13. Ke2 Nd8 14. Rag1
g5 15. Rg4 Qh5 16. h4 f6 17. Qe1 Qg6 18. hxg5 fxg5 19. f4 c6 20. Bb3 Qg7 21.
fxg5 h5 22. Rg2 Rc8 23. g6 Rc7 24. Qh4 Re7 25. Rf1 Rh6 26. Rf7 1-0

[Event "SR 2. liga A 2015/2016"]
[Site "?"]
[Date "2015.12.06"]
[Round "6.2"]
[White "Vepy, Ivan"]
[Black "Puskar, Peter"]
[Result "0-1"]
[WhiteElo "1952"]
[BlackElo "2128"]
[PlyCount "80"]
[EventDate "2015.??.??"]

1. e4 c5 2. d4 cxd4 3. Qxd4 Nc6 4. Qd1 Nf6 5. Nc3 d6 6. Nf3 a6 7. a3 e6 8. Bc4
b5 9. Be2 Be7 10. O-O O-O 11. h3 Bb7 12. Bg5 Rc8 13. Kh1 Qc7 14. Rc1 Rfd8 15.
Qe1 h6 16. Bh4 Na5 17. Bd3 Nc4 18. Nd1 d5 19. e5 Ne4 20. Bxe7 Qxe7 21. Qe2 Qc7
22. Bxc4 dxc4 23. c3 Nc5 24. Nd4 Nd3 25. Ne3 Qxe5 26. Rcd1 Rxd4 27. cxd4 Qxd4
28. Rd2 Rd8 29. Rfd1 Rd6 30. f3 f5 31. Kh2 Qf4+ 32. Kh1 e5 33. b3 e4 34. fxe4
Qxe4 35. bxc4 bxc4 36. Kh2 Re6 37. Rxd3 cxd3 38. Rxd3 f4 39. Rd8+ Kh7 40. Rd7
Bc6 0-1

[Event "SR 2. liga A 2015/2016"]
[Site "?"]
[Date "2015.12.06"]
[Round "6.2"]
[White "Nicolini, Alexander"]
[Black "Vogl, Zdenek"]
[Result "1-0"]
[WhiteElo "2148"]
[BlackElo "1905"]
[PlyCount "61"]
[EventDate "2015.??.??"]

1. e4 e5 2. Nf3 Nc6 3. d4 exd4 4. Nxd4 Nxd4 5. Qxd4 d6 6. Nc3 Nf6 7. Bc4 Be6 8.
Bxe6 fxe6 9. e5 dxe5 10. Qxe5 Qd7 11. O-O Bd6 12. Qe2 O-O 13. Bg5 Rae8 14. Rad1
a6 15. Rd3 h6 16. Bxf6 Rxf6 17. Ne4 Rf5 18. Rfd1 Rd5 19. Qg4 Qe7 20. g3 h5 21.
Qg6 Rd8 22. h4 Rf5 23. R1d2 Rdf8 24. Ng5 Rxg5 25. hxg5 Rf5 26. Qxh5 Rxg5 27.
Qf3 b6 28. Re2 Rf5 29. Qe4 Re5 30. Qa8+ Kh7 31. Rxe5 1-0

[Event "SR 2. liga A 2015/2016"]
[Site "?"]
[Date "2015.12.06"]
[Round "6.2"]
[White "Hrubsa, Marian"]
[Black "Szitkey, Milan"]
[Result "0-1"]
[WhiteElo "1805"]
[BlackElo "2110"]
[PlyCount "72"]
[EventDate "2015.??.??"]

1. e4 e6 2. d4 d5 3. Nd2 dxe4 4. Nxe4 Nd7 5. Nf3 Ngf6 6. Bd3 Nxe4 7. Bxe4 Nf6
8. Bd3 Be7 9. O-O O-O 10. c3 b6 11. Qc2 Bb7 12. Ng5 h6 13. Nh3 c5 14. Be3 Rc8
15. Qe2 Qc7 16. Bf4 Bd6 17. Bg3 Qc6 18. f3 Bxg3 19. hxg3 cxd4 20. cxd4 Rfd8 21.
Rad1 Qa4 22. Qe3 Qxa2 23. b3 Qb2 24. Nf4 Kf8 25. Bb1 Nd5 26. Nxd5 Bxd5 27. g4
Bxb3 28. Rd2 Rc3 29. Qf2 Qa3 30. Qh4 Qe7 31. Qf2 Qd6 32. Qe2 Bc4 33. Qe4 Bxf1
34. Kxf1 Rc1+ 35. Kf2 Qb4 36. Ra2 Qxb1 0-1

[Event "SR 2. liga A 2015/2016"]
[Site "?"]
[Date "2015.12.06"]
[Round "6.2"]
[White "Sturdik, Igor"]
[Black "Planka, Peter"]
[Result "1-0"]
[WhiteElo "1973"]
[BlackElo "1740"]
[PlyCount "35"]
[EventDate "2015.??.??"]

1. e4 e5 2. Nf3 Nc6 3. d4 exd4 4. Bc4 Nf6 5. O-O d5 6. exd5 Nxd5 7. Ng5 f6 8.
Re1+ Nce7 9. Qxd4 fxg5 10. Bxd5 Bf5 11. Qe5 Qd7 12. Bxb7 Rb8 13. Bf3 Bxc2 14.
Bxg5 Qd6 15. Qc3 Ba4 16. Na3 Qb4 17. Qxc7 Rd8 18. Nc4 1-0

[Event "SR 2. liga A 2015/2016"]
[Site "?"]
[Date "2015.12.06"]
[Round "6.2"]
[White "Antalek, Rudolf"]
[Black "Puchart, Vladimir"]
[Result "0-1"]
[WhiteElo "1684"]
[BlackElo "2031"]
[PlyCount "54"]
[EventDate "2015.??.??"]

1. e4 c5 2. Nc3 Nc6 3. g3 g6 4. Bg2 Bg7 5. d3 Rb8 6. Be3 Nd4 7. Nce2 d6 8. c3
Nxe2 9. Nxe2 Nf6 10. h3 O-O 11. O-O b5 12. Qd2 Bb7 13. f4 a5 14. f5 c4 15. g4
cxd3 16. Qxd3 Nd7 17. Bd4 Ne5 18. Qg3 b4 19. Nf4 a4 20. Nd5 Bxd5 21. exd5 a3
22. cxb4 Rxb4 23. Bc3 axb2 24. Rab1 Qb6+ 25. Rf2 Rc8 26. Rbxb2 Rxc3 27. Qxc3
Rxb2 0-1

[Event "SR 2. liga A 2015/2016"]
[Site "?"]
[Date "2015.12.06"]
[Round "6.2"]
[White "Mosny, Jaroslav"]
[Black "Zlamal, Marek"]
[Result "1-0"]
[WhiteElo "1971"]
[BlackElo "1738"]
[PlyCount "53"]
[EventDate "2015.??.??"]

1. d4 d5 2. Nf3 Bf5 3. Bf4 e6 4. e3 c5 5. c3 Nc6 6. Nbd2 h6 7. Be2 Bd6 8. Bxd6
Qxd6 9. O-O c4 10. b3 b5 11. a4 cxb3 12. Qxb3 b4 13. cxb4 Qxb4 14. Bb5 Qd6 15.
Ne5 Nge7 16. Rfc1 Rc8 17. Qa3 Qxa3 18. Rxa3 O-O 19. Nxc6 Nxc6 20. Bxc6 Rc7 21.
Rac3 Rfc8 22. Rc5 Bd3 23. Bb5 Rxc5 24. Rxc5 Rxc5 25. dxc5 Bxb5 26. axb5 Kf8 27.
b6 1-0